| 000 | 00491nam a2200193#a 4500 | ||
|---|---|---|---|
| 001 | 01503 | ||
| 003 | HDC | ||
| 007 | ta | ||
| 008 | 230623s2011 xx 000 0 eng d | ||
| 020 | _a9789832025863 (pbk) | ||
| 040 | _aHDC | ||
| 050 |
_aHC 445.5 _b.I66 2011 |
||
| 245 | 0 |
_aInovator Malaysia : _bperjalanan dari kreativiti ke realiti. |
|
| 264 |
_aPetaling Jaya : _bPerbadanan Produktiviti Malaysia, _c2011. |
||
| 942 | _2lcc | ||
| 942 | _cBK | ||
| 942 | _kHC 445.5 | ||
| 942 | _m.I66 2011 | ||
| 999 |
_c23069 _d23069 |
||